[Event "ICS rated bullet match"]
[Site "207.99.83.229"]
[Date "1999.06.06"]
[Round "?"]
[White "Hossa"]
[Black "Masterchess"]
[Result "0-1"]
[WhiteElo "2427"]
[BlackElo "2607"]
[PlyCount "110"]

1. e4 e5 2. Nf3 Nc6 3. Bb5 Nge7 4. O-O g6 5. d4 exd4 6. Nxd4 Bg7 7. Be3 O-O 8.
Nc3 d6 9. Bxc6 Nxc6 10. Nxc6 bxc6 11. Bd4 Bxd4 12. Qxd4 c5 13. Qd3 Rb8 14. b3
Be6 15. Qg3 Re8 16. Qf4 f5 17. e5 dxe5 18. Qh6 Qd4 19. Na4 c4 20. Rad1 Qf4 21.
Qxf4 exf4 22. Nc5 Bc8 23. Rd2 Rb5 24. Nd7 Re6 25. bxc4 Rb4 26. Rd4 Rb2 27. a4
Rxc2 28. Nb8 Rd6 29. Rxd6 cxd6 30. Nc6 Rxc4 31. Nxa7 Bd7 32. Nb5 Bxb5 33. axb5
Rb4 34. Rd1 Rxb5 35. h4 d5 36. Rd4 f3 37. gxf3 Kf7 38. Ra4 Ke6 39. Ra7 d4 40.
Rxh7 d3 41. Ra7 Rb1+ 42. Kg2 d2 43. Ra6+ Ke5 44. Ra5+ Kd4 45. Ra4+ Kc3 46. Ra3+
Kc2 47. Ra2+ Kc1 48. Rxd2 Kxd2 49. Kh2 Ke2 50. Kg3 Rb4 51. f4 Rb3+ 52. Kg2 Rf3
53. h5 gxh5 54. Kh2 Kf1 55. Kh1 55... Rh3# {Hossa checkmated} 0-1

[Event "ICS rated bullet match"]
[Site "207.99.83.229"]
[Date "1999.06.06"]
[Round "?"]
[White "PelleMaster"]
[Black "Hossa"]
[Result "0-1"]
[WhiteElo "2072"]
[BlackElo "2412"]
[PlyCount "92"]

1. d4 Nf6 2. Nc3 d5 3. e4 dxe4 4. f3 exf3 5. Nxf3 Bf5 6. Ne5 Nbd7 7. Qf3 Bxc2
8. Qxb7 Rb8 9. Qf3 Nxe5 10. dxe5 Nd7 11. Bb5 Rxb5 12. Nxb5 Nxe5 13. Qe2 Nd3+
14. Kf1 a6 15. Nc3 Nxc1 16. Qxc2 Qd3+ 17. Qxd3 Nxd3 18. Ke2 Nxb2 19. Rab1 Nc4
20. Rb8+ Kd7 21. Rd1+ Nd6 22. Ne4 Kc6 23. Ng5 g6 24. Nf3 Bg7 25. Rxh8 Bxh8 26.
Nd4+ Bxd4 27. Rxd4 h5 28. Rh4 a5 29. Ra4 Kb5 30. Ra3 a4 31. Rf3 c5 32. Re3 Nf5
33. Rd3 f6 34. h3 Nd4+ 35. Kd2 e5 36. g4 Kb4 37. gxh5 gxh5 38. Rg3 f5 39. Rg5
Nf3+ 40. Ke3 Nxg5 41. h4 Nh3 42. Kf3 Ka3 43. Kg2 Nf4+ 44. Kg3 Kxa2 45. Kf3 c4
46. Ke3 46... Ng6 {PelleMaster resigns} 0-1

[Event "ICS rated standard match"]
[Site "207.99.83.229"]
[Date "1999.06.06"]
[Round "?"]
[White "Amateur"]
[Black "Hossa"]
[Result "1/2-1/2"]
[WhiteElo "2459"]
[BlackElo "2204"]
[PlyCount "134"]

1. e4 e5 2. Nf3 Nc6 3. Bb5 a6 4. Ba4 Nf6 5. O-O Be7 6. d3 d6 7. c3 O-O 8. Bxc6
bxc6 9. Qa4 c5 10. Bg5 Nh5 11. Be3 f5 12. Qb3+ Kh8 13. Qc4 Bd7 14. Na3 fxe4 15.
dxe4 Nf4 16. Bxf4 Rxf4 17. Nd2 Ra7 18. Rae1 Bh4 19. Qd3 Qf6 20. Nf3 Rxf3 21.
Qxf3 Qxf3 22. gxf3 Bh3 23. Rd1 Bxf1 24. Kxf1 Ra8 25. Kg2 Bg5 26. Nc4 Rd8 27.
Ne3 Rf8 28. Nd5 Bd8 29. c4 a5 30. Kg3 g6 31. Rd3 c6 32. Ne3 Bc7 33. Rb3 Rf7 34.
Rb7 Kg8 35. Ra7 Bb6 36. Ra6 Rb7 37. Ra8+ Kf7 38. f4 exf4+ 39. Kxf4 Ke6 40. Re8+
Kf6 41. Ng4+ Kf7 42. Rc8 Ke6 43. Re8+ Kf7 44. Ra8 Ke6 45. Kg5 d5 46. cxd5+ cxd5
47. exd5+ Kxd5 48. Nf6+ Kc6 49. Rc8+ Kb5 50. f4 c4 51. Ne4 Bc7 52. Nf6 Kc6 53.
Ne8 Rb5+ 54. Kf6 Kd7 55. Rxc7+ Kxe8 56. Rxc4 Rxb2 57. Ra4 Rb5 58. Re4+ Kf8 59.
Re5 Rb6+ 60. Kg5 a4 61. Ra5 Rb4 62. h4 Kg7 63. Ra7+ Kg8 64. Ra5 Kg7 65. Ra7+
Kg8 66. Ra8+ Kf7 67. Ra7+ 67... Kg8 {Game drawn by repetition} 1/2-1/2

[Event "ICS rated bullet match"]
[Site "207.99.83.229"]
[Date "1999.06.06"]
[Round "?"]
[White "Hossa"]
[Black "DanDare"]
[Result "1-0"]
[WhiteElo "2416"]
[BlackElo "2339"]
[PlyCount "55"]

1. e4 d5 2. exd5 c6 3. dxc6 Nxc6 4. Nf3 e5 5. Nc3 Nf6 6. Bb5 Bd6 7. O-O O-O 8.
d3 Qc7 9. Bg5 Ng4 10. h3 f6 11. Bc4+ Kh8 12. Nb5 Qb8 13. hxg4 fxg5 14. Nxg5 a6
15. Nxd6 Qxd6 16. Nf7+ Rxf7 17. Bxf7 Nd4 18. c3 Nc6 19. Qf3 Bd7 20. g5 Rf8 21.
Qd5 Qe7 22. g6 hxg6 23. Bxg6 Rf6 24. Qe4 Rf4 25. Qe3 Qg5 26. Be4 Qh5 27. Qc5
Rh4 28. Qf8# {DanDare checkmated} 1-0

[Event "ICS rated bullet match"]
[Site "207.99.83.229"]
[Date "1999.06.06"]
[Round "?"]
[White "PenalReform"]
[Black "Hossa"]
[Result "1-0"]
[WhiteElo "2544"]
[BlackElo "2429"]
[PlyCount "163"]

1. Nc3 d5 2. e4 d4 3. Nce2 e5 4. Ng3 Nf6 5. Nf3 Bd6 6. Bc4 Be6 7. Bxe6 fxe6 8.
c3 Nc6 9. Qb3 Qc8 10. Qc4 O-O 11. cxd4 Nxd4 12. Nxd4 exd4 13. Qxd4 Bxg3 14.
hxg3 c5 15. Qe5 Ng4 16. Qh5 Nf6 17. Qe2 Qc6 18. f3 Qc7 19. e5 Nd5 20. Qe4 Rf5
21. f4 Qc6 22. Rf1 Rd8 23. b3 Qa6 24. Qa4 Qxa4 25. bxa4 g5 26. Rb1 Rd7 27. Rf3
gxf4 28. gxf4 Rxf4 29. Rxf4 Nxf4 30. Kf1 Rg7 31. d4 Nd3 32. dxc5 Nxe5 33. Bh6
Re7 34. Rd1 Kf7 35. Bf4 Kf6 36. Ke2 Kf5 37. g3 Rd7 38. Rxd7 Nxd7 39. Be3 Ne5
40. Bf2 Nc6 41. Kf3 Ke5 42. Kg4 Kd5 43. Kg5 Ne5 44. c6 Kxc6 45. Bxa7 Nd7 46.
Be3 Kd5 47. Kh6 Ke4 48. Bg5 Kf3 49. Bh4 Nc5 50. Kxh7 Nxa4 51. Kg6 e5 52. Kf5 e4
53. g4 Nc3 54. g5 Nb5 55. g6 Nd6+ 56. Ke6 Ne8 57. Kf7 Nd6+ 58. Kf8 Nf5 59. g7
Nxg7 60. Kxg7 e3 61. Kf6 e2 62. Ke7 Kg2 63. Kd8 Kh3 64. Be1 b5 65. Kc7 Kg2 66.
Kc6 Kf1 67. Bb4 Kg2 68. Kxb5 Kf2 69. a4 Kf3 70. a5 Ke3 71. Be1 Kd3 72. a6 Kc2
73. a7 Kd1 74. Bb4 e1=N 75. a8=Q Nc2 76. Qh1+ Ke2 77. Qe4+ Kd1 78. Qd3+ Kc1 79.
Bd2+ Kb2 80. Qc3+ Ka2 81. Qxc2+ Ka1 82. Bc3# {Hossa checkmated} 1-0

[Event "ICS rated blitz match"]
[Site "207.99.83.229"]
[Date "1999.06.06"]
[Round "?"]
[White "VESta"]
[Black "Hossa"]
[Result "0-1"]
[WhiteElo "2372"]
[BlackElo "2679"]
[PlyCount "64"]

1. e4 e5 2. Nf3 Nc6 3. Nc3 Nf6 4. g3 Bb4 5. Bg2 O-O 6. O-O Re8 7. d3 Bxc3 8.
bxc3 d5 9. Qe2 dxe4 10. dxe4 Qe7 11. Bg5 Bd7 12. Rab1 b6 13. Nh4 Rac8 14. Nf5
Bxf5 15. exf5 Nb8 16. c4 Nbd7 17. Bc6 Qc5 18. Bb7 Rb8 19. Ba6 e4 20. Rfd1 Qxf5
21. Bf4 Ne5 22. Bxe5 Rxe5 23. Bb5 Rc5 24. Rd2 c6 25. Ba4 Qh3 26. Rbd1 Rf8 27.
Rd8 Rh5 28. Rxf8+ Kxf8 29. Rd8+ Ke7 30. Qd2 Qxh2+ 31. Kf1 Qh1+ 32. Ke2 32...
Qf3+ {VESta resigns} 0-1

[Event "ICS rated bullet match"]
[Site "207.99.83.229"]
[Date "1999.06.06"]
[Round "?"]
[White "Hossa"]
[Black "kyklop"]
[Result "1-0"]
[WhiteElo "2425"]
[BlackElo "2140"]
[PlyCount "125"]

1. e4 d6 2. d4 Nf6 3. f3 g6 4. c4 Bg7 5. Nc3 O-O 6. Bg5 Nc6 7. d5 Nb8 8. Bd3
Nbd7 9. Nge2 Nc5 10. O-O a5 11. Bc2 e5 12. Qd2 Re8 13. Bh6 Bh8 14. Qg5 Nh5 15.
Qxd8 Rxd8 16. f4 Bg7 17. Bxg7 Nxg7 18. fxe5 dxe5 19. Rae1 b6 20. Nb5 Ne8 21.
Nc1 Bg4 22. Nd3 Nxd3 23. Bxd3 Bd7 24. Nc3 c6 25. Be2 cxd5 26. cxd5 Nd6 27. Rf6
Ne8 28. Rxb6 Kg7 29. Ba6 Rab8 30. Rxb8 Rxb8 31. b3 Rb6 32. Bd3 Nd6 33. Kf2 Bb5
34. Bxb5 Nxb5 35. Nxb5 Rxb5 36. g4 Rb6 37. Rd1 Rd6 38. Kf3 f6 39. h4 Kf7 40.
Rc1 Ke7 41. Rc5 Kd8 42. Rxa5 Kc7 43. Ra7+ Kb6 44. Rxh7 Kc5 45. Rh6 Kd4 46. Rxg6
Kc3 47. g5 Kb2 48. Rxf6 Rd8 49. Ra6 Kc3 50. h5 Kd4 51. Ra4+ Kd3 52. h6 Rf8+ 53.
Kg4 Rg8 54. Kf5 Rc8 55. Kxe5 Rc1 56. Ke6 Rg1 57. h7 Rg4 58. h8=Q Rxg5 59. Qd4+
Kc2 60. Rc4+ Kb1 61. Qd1+ Kb2 62. Qd2+ Ka3 63. Ra4# {kyklop checkmated} 1-0

[Event "ICS rated bullet match"]
[Site "207.99.83.229"]
[Date "1999.06.06"]
[Round "?"]
[White "SuperChicken"]
[Black "Hossa"]
[Result "1-0"]
[WhiteElo "2664"]
[BlackElo "2430"]
[PlyCount "119"]

1. d4 Nf6 2. c4 e6 3. Nf3 b6 4. Nc3 Bb7 5. Bg5 Bb4 6. e3 O-O 7. Bd3 Bxc3+ 8.
bxc3 h6 9. Bh4 Nc6 10. e4 g5 11. Bg3 Ne7 12. Nd2 d5 13. exd5 exd5 14. O-O dxc4
15. Bxc4 Ned5 16. Qf3 Rb8 17. Qf5 Qc8 18. Qc2 Re8 19. Rae1 Qg4 20. Nf3 Rxe1 21.
Rxe1 Rc8 22. Bd3 Rd8 23. Ne5 Qh5 24. Bb5 Kh8 25. Be2 g4 26. Qa4 a5 27. Qc4 Kg8
28. h3 Qg5 29. Nxg4 Nxg4 30. Bxg4 c6 31. Qd3 Bc8 32. Bf3 Bf5 33. Qc4 Qg6 34.
Qb3 Bc2 35. Qb2 b5 36. Bh4 Rb8 37. Bg3 Rd8 38. Bxd5 Rxd5 39. Re8+ Kh7 40. c4
bxc4 41. Be5 Rxe5 42. dxe5 Be4 43. g4 h5 44. e6 c3 45. Qxc3 f6 46. Re7+ Kh8 47.
Qxa5 hxg4 48. Qd8+ Qg8 49. Re8 Qxe8 50. Qxe8+ Kh7 51. e7 Bg6 52. Qxg6+ Kxg6 53.
e8=Q+ Kh6 54. hxg4 c5 55. Qf7 f5 56. Qf6+ Kh7 57. g5 Kg8 58. g6 c4 59. Qf7+ Kh8
60. Qf8# {Hossa checkmated} 1-0

[Event "ICS rated bullet match"]
[Site "207.99.83.229"]
[Date "1999.06.06"]
[Round "?"]
[White "Hossa"]
[Black "PenalReform"]
[Result "0-1"]
[WhiteElo "2423"]
[BlackElo "2583"]
[PlyCount "74"]

1. e4 Nc6 2. d4 e5 3. dxe5 Nxe5 4. Nf3 Bb4+ 5. Bd2 Bxd2+ 6. Nbxd2 Qf6 7. Bc4
Ne7 8. O-O O-O 9. Nxe5 Qxe5 10. c3 d6 11. Qf3 Qg5 12. Rad1 Be6 13. Qg3 Qxg3 14.
fxg3 Rad8 15. a4 Bxc4 16. Nxc4 Nc6 17. Ne3 Rfe8 18. Rf4 Ne5 19. Rf2 Ng6 20. Rd4
c5 21. Rd1 Rxe4 22. Nf5 d5 23. h4 h5 24. a5 d4 25. cxd4 Rd5 26. Rc1 cxd4 27.
Rc7 d3 28. Rxb7 d2 29. Rxd2 Rxd2 30. Rxa7 Re1+ 31. Kh2 Ne5 32. g4 Rd3 33. Ra8+
Kh7 34. Nh6 gxh6 35. Rh8+ Kxh8 36. g3 Rd2+ 37. Kh3 37... hxg4# {
Hossa checkmated} 0-1

[Event "ICS rated bullet match"]
[Site "207.99.83.229"]
[Date "1999.06.06"]
[Round "?"]
[White "Hossa"]
[Black "PenalReform"]
[Result "0-1"]
[WhiteElo "2436"]
[BlackElo "2610"]
[PlyCount "138"]

1. d4 Nc6 2. d5 Ne5 3. Nf3 Nxf3+ 4. exf3 e6 5. Bc4 Qh4 6. Nd2 exd5 7. Qe2+ Be7
8. Bb3 Nh6 9. Qe5 d6 10. Qxd5 c6 11. Qa5 O-O 12. O-O Nf5 13. Re1 Nd4 14. Re4
Qf6 15. Qc3 Nxb3 16. axb3 Qxc3 17. bxc3 Re8 18. Re2 Bf5 19. Nf1 a6 20. Bb2 Bf6
21. Ne3 Re6 22. Rae1 Rae8 23. Kf1 Bg6 24. Kg1 b5 25. b4 c5 26. Ba1 h6 27. Rd2
Be5 28. Rd5 Bf6 29. Rd2 R8e7 30. Red1 Kh8 31. Kh1 Re8 32. Rxd6 Rxd6 33. Rxd6
cxb4 34. Rxf6 gxf6 35. cxb4 Kg7 36. g4 Bxc2 37. h4 Kg6 38. h5+ Kg7 39. Nxc2 Re2
40. Nd4 Re1+ 41. Kg2 Rxa1 42. Nc6 Rc1 43. Nb8 f5 44. Nxa6 fxg4 45. fxg4 f5 46.
gxf5 Kf6 47. f3 Kxf5 48. Kg3 Kg5 49. Nc5 Rc4 50. Ne6+ Kxh5 51. Nf4+ Kg5 52. Nd5
Rd4 53. f4+ Kh5 54. Nf6+ Kg6 55. Ng4 Rxb4 56. Kf3 h5 57. Ne3 Rd4 58. f5+ Kf6
59. Ke2 Re4 60. Kd3 Rxe3+ 61. Kd4 Re5 62. Kd3 h4 63. Kc3 h3 64. Kc2 h2 65. Kb2
h1=Q 66. Kc2 Re2+ 67. Kc3 Qe4 68. Kb3 Qc4+ 69. Ka3 69... Qc3# {Hossa checkmated
} 0-1

[Event "ICS rated bullet match"]
[Site "207.99.83.229"]
[Date "1999.06.06"]
[Round "?"]
[White "PenalReform"]
[Black "Hossa"]
[Result "1-0"]
[WhiteElo "2627"]
[BlackElo "2430"]
[PlyCount "107"]

1. Nc3 Nf6 2. e4 e5 3. f4 d5 4. fxe5 Nxe4 5. Nf3 Nxc3 6. dxc3 Nc6 7. Bb5 Bc5 8.
Bg5 Qd7 9. c4 d4 10. O-O O-O 11. Re1 Bb6 12. b4 a5 13. c5 Ba7 14. a3 axb4 15.
axb4 Qe6 16. Bxc6 Qxc6 17. Nxd4 Qg6 18. Qd2 c6 19. Qf4 h6 20. Be7 Re8 21. Bd6
Bh3 22. Qf2 Qg4 23. Red1 Bb8 24. Rac1 Ra2 25. Kf1 Rb2 26. gxh3 Qxh3+ 27. Qg2
Qxg2+ 28. Kxg2 Rxb4 29. Ra1 f6 30. exf6 gxf6 31. Ra8 Bxd6 32. Rxe8+ Kf7 33.
cxd6 Kxe8 34. Ne6 Rg4+ 35. Kf3 Rg8 36. d7+ Kf7 37. d8=Q Rxd8 38. Nxd8+ Kf8 39.
Nxb7 Ke7 40. Nc5 Kf7 41. Rd6 h5 42. Rxc6 Ke7 43. Ke4 h4 44. Kf5 h3 45. Rc7+ Kd6
46. Ne6 Kd5 47. c4+ Kd6 48. c5+ Kd5 49. c6 Kd6 50. Rc8 Ke7 51. Rd8 Kf7 52. c7
Ke7 53. c8=N+ Kf7 54. Rf8# {Hossa checkmated} 1-0

[Event "ICS rated standard match"]
[Site "207.99.83.229"]
[Date "1999.06.06"]
[Round "?"]
[White "Hossa"]
[Black "Data"]
[Result "0-1"]
[WhiteElo "2214"]
[BlackElo "2428"]
[PlyCount "180"]

1. Nf3 g6 2. e4 c5 3. Bc4 Bg7 4. O-O Nc6 5. Nc3 e6 6. d3 Nge7 7. Bg5 f6 8. Bd2
d5 9. Bb3 Nd4 10. exd5 Nxb3 11. axb3 Nxd5 12. Qc1 Nxc3 13. bxc3 g5 14. Qa3 Qd5
15. Be3 b6 16. d4 g4 17. Nd2 Bb7 18. f3 gxf3 19. Rxf3 cxd4 20. cxd4 Bf8 21.
Qa4+ Bc6 22. Qa6 Bb4 23. Qd3 Be7 24. Rg3 Bd6 25. Rg7 Qh5 26. Nf1 a5 27. Qc4 Qd5
28. Qxd5 Bxd5 29. c4 Be4 30. c5 bxc5 31. dxc5 Be5 32. Re1 f5 33. Rg5 Bc3 34.
Bd2 Bf6 35. Rh5 Bd5 36. Rh3 Kf7 37. Bc3 Rag8 38. Re2 Rb8 39. Nd2 Rb5 40. c6 Rc5
41. Bxf6 Kxf6 42. Rh6+ Kf7 43. Nf3 Rc1+ 44. Kf2 Bxb3 45. Ne5+ Kg7 46. Rh3 a4
47. Rg3+ Kf6 48. Nd7+ Kf7 49. Ne5+ Kf8 50. Rb2 Ke7 51. Re2 Bd1 52. Rg7+ Kf6 53.
Rf7+ Kg5 54. Nf3+ Kg6 55. Ne5+ Kh6 56. Re1 Rc2+ 57. Kg1 Bh5 58. Rf6+ Kg7 59.
Rxe6 Re8 60. Nd3 Rxe6 61. Rxe6 a3 62. Re7+ Kh6 63. c7 a2 64. Re6+ Kg7 65. Ra6
Bf7 66. Nb4 Rc1+ 67. Kf2 Rxc7 68. Ke3 f4+ 69. Kd2 Rc5 70. h4 Rh5 71. Rxa2 Bxa2
72. Nxa2 Rxh4 73. Ke2 Kf6 74. Kf3 Kf5 75. Nc3 Rh1 76. Nb5 Rf1+ 77. Ke2 Rb1 78.
Nc3 f3+ 79. gxf3 Rb2+ 80. Ke1 Kf4 81. Na4 Rg2 82. Nc5 Kxf3 83. Nb3 Ke3 84. Kd1
h5 85. Na5 Kd3 86. Ke1 h4 87. Nc6 h3 88. Ne5+ Ke4 89. Ng6 h2 90. Ne5 90...
h1=Q# {Hossa checkmated} 0-1

[Event "ICS rated bullet match"]
[Site "207.99.83.229"]
[Date "1999.06.06"]
[Round "?"]
[White "Hossa"]
[Black "SSM"]
[Result "1-0"]
[WhiteElo "2424"]
[BlackElo "2257"]
[PlyCount "77"]

1. Nf3 e5 2. Nxe5 Nf6 3. d4 d5 4. Bg5 Bd6 5. Nc3 c6 6. e3 O-O 7. Qf3 Nbd7 8.
Nxd7 Bxd7 9. Bxf6 Qxf6 10. Qxf6 gxf6 11. O-O-O Bf5 12. Bd3 Bxd3 13. Rxd3 Kh8
14. e4 dxe4 15. Nxe4 Bc7 16. Nxf6 Rfd8 17. Rh3 Kg7 18. Nh5+ Kf8 19. c3 Rd6 20.
Ng3 h6 21. Nf5 Rf6 22. g4 Re8 23. Kb1 Re2 24. Rxh6 Rxh6 25. Nxh6 Rxf2 26. h3
Kg7 27. Nf5+ Kf6 28. a3 b5 29. Ka2 a5 30. Rg1 b4 31. cxb4 axb4 32. Rc1 Bf4 33.
Rxc6+ Kg5 34. axb4 Rd2 35. Rc5 Kg6 36. b5 f6 37. Rd5 Re2 38. Rd7 Re8 39. Rg7# {
SSM checkmated} 1-0

[Event "ICS rated bullet match"]
[Site "207.99.83.229"]
[Date "1999.06.06"]
[Round "?"]
[White "razzle"]
[Black "Hossa"]
[Result "1-0"]
[WhiteElo "2688"]
[BlackElo "2456"]
[PlyCount "97"]

1. e4 Nc6 2. Nf3 Nf6 3. Nc3 e5 4. d4 exd4 5. Nd5 Nxe4 6. Qe2 f5 7. Ng5 d3 8.
cxd3 Nd4 9. Qh5+ g6 10. Qh4 Nc2+ 11. Kd1 Nxa1 12. dxe4 c6 13. Qg3 d6 14. Qc3
cxd5 15. Qxh8 Qc7 16. Be3 Qc2+ 17. Ke1 Qb1+ 18. Kd2 Qxa2 19. Bb5+ Bd7 20. Rxa1
Qxa1 21. Nxh7 O-O-O 22. Bxd7+ Kxd7 23. Nxf8+ Rxf8 24. Qg7+ Kc6 25. exd5+ Kxd5
26. Qxf8 Qxb2+ 27. Kd1 Qb1+ 28. Ke2 Qc2+ 29. Bd2 Qc4+ 30. Kd1 Qg4+ 31. f3 Qa4+
32. Ke2 Qb5+ 33. Kf2 Qd3 34. Be3 Ke6 35. Qg7 f4 36. Bxf4 Qb1 37. Qg8+ Ke7 38.
Bg5+ Kd7 39. Qf7+ Kc6 40. Qc4+ Kd7 41. Qa4+ Ke6 42. Qxa7 Qb2+ 43. Kg3 Kf5 44.
Bf4 d5 45. Qc5 Qb3 46. Qe7 Qc3 47. Qf7+ Qf6 48. Qxd5+ Qe5 49. Qxe5# {
Hossa checkmated} 1-0

[Event "ICS rated blitz match"]
[Site "207.99.83.229"]
[Date "1999.06.06"]
[Round "?"]
[White "Dr"]
[Black "Hossa"]
[Result "0-1"]
[WhiteElo "2590"]
[BlackElo "2692"]
[PlyCount "88"]

1. e4 e5 2. Nf3 Nc6 3. Bb5 a6 4. Ba4 Nf6 5. O-O Be7 6. Re1 b5 7. Bb3 O-O 8. h3
Bb7 9. d3 Re8 10. a3 Bc5 11. Nc3 Nd4 12. Nxd4 exd4 13. Ne2 d5 14. exd5 Nxd5 15.
Bd2 Qh4 16. Ng3 Ne3 17. Qh5 Qxh5 18. Nxh5 Nxg2 19. Rxe8+ Rxe8 20. a4 Nh4 21.
Bf4 Nf3+ 22. Kf1 bxa4 23. Bxa4 Re7 24. Bb3 Bb4 25. Ng3 g5 26. Nf5 gxf4 27.
Nxe7+ Bxe7 28. Ke2 Ng5 29. h4 Nh3 30. f3 Bxh4 31. Rh1 Bc8 32. Bd5 Bf6 33. Be4
c5 34. Bd5 Kg7 35. Ra1 Ng5 36. Ra5 Be7 37. Bc4 Bb7 38. Bxa6 Bxf3+ 39. Kf2 Bc6
40. Bc4 Nf3 41. Ra7 Bh4+ 42. Ke2 Ne5 43. Rc7 f3+ 44. Kf1 44... Bd7 {Dr resigns}
0-1

[Event "ICS Rated bullet match"]
[Site "207.99.83.229"]
[Date "1999.06.06"]
[Round "?"]
[White "Hossa"]
[Black "razzle"]
[Result "1/2-1/2"]
[WhiteElo "2434"]
[BlackElo "2695"]
[PlyCount "73"]

1. e4 e6 2. d3 d5 3. Nd2 Nf6 4. Ngf3 b6 5. e5 Nfd7 6. d4 c5 7. Bb5 a6 8. Bxd7+
Bxd7 9. O-O cxd4 10. Nxd4 Nc6 11. N2f3 Bc5 12. Bg5 Qc7 13. Nxc6 Bxc6 14. Qd2 h6
15. Be3 Be7 16. Qd4 Bb5 17. Rfc1 Rb8 18. Qg4 g6 19. Qh3 Rc8 20. Rab1 h5 21. Qg3
O-O 22. Bh6 Rfe8 23. Nd4 h4 24. Qf4 Bd7 25. Bg5 Bxg5 26. Qxg5 h3 27. gxh3 Qc4
28. Nb3 Qa4 29. a3 Rc4 30. Qe3 Bb5 31. Qxb6 Rg4+ 32. hxg4 Qxg4+ 33. Kh1 Qf3+
34. Kg1 Qg4+ 35. Kh1 Qf3+ 36. Kg1 Qg4+ 37. Kh1 {Game drawn by repetition}
1/2-1/2

[Event "ICS rated blitz match"]
[Site "207.99.83.229"]
[Date "1999.06.06"]
[Round "?"]
[White "Hossa"]
[Black "Chemberlen"]
[Result "1-0"]
[WhiteElo "2703"]
[BlackElo "2481"]
[PlyCount "49"]

1. e4 c6 2. d4 d5 3. e5 Bf5 4. Nf3 e6 5. Be2 Ne7 6. O-O Nd7 7. Ng5 h6 8. Nf3 c5
9. dxc5 Nc6 10. Bf4 Bxc5 11. c4 Nb6 12. cxd5 Nxd5 13. Bg3 O-O 14. Qb3 Qb6 15.
Qxb6 Bxb6 16. Nbd2 Rfd8 17. Rad1 Rac8 18. Nc4 g5 19. Nd6 Rc7 20. Rxd5 exd5 21.
Nxf5 d4 22. e6 fxe6 23. Bxc7 Bxc7 24. Nxh6+ Kg7 25. Nxg5 {Chemberlen resigns}
1-0

[Event "ICS rated blitz match"]
[Site "207.99.83.229"]
[Date "1999.06.06"]
[Round "?"]
[White "WhiteHorse"]
[Black "Hossa"]
[Result "0-1"]
[WhiteElo "2477"]
[BlackElo "2710"]
[PlyCount "68"]

1. d4 Nc6 2. e3 Nf6 3. f4 d5 4. Bd3 e6 5. c3 Bd6 6. Nd2 Ne7 7. Ngf3 Nf5 8. Qe2
O-O 9. Ne5 c5 10. O-O Qb6 11. g4 Ne7 12. Rf3 c4 13. Bc2 Bxe5 14. fxe5 Nxg4 15.
Rh3 f5 16. exf6 Nxf6 17. Nf3 e5 18. Rg3 e4 19. Ne5 Qc7 20. Bd2 Nf5 21. Rg2 Nh4
22. Rg3 Nf3+ 23. Nxf3 exf3 24. Qxf3 Ne4 25. Qh5 Bf5 26. Bxe4 Bxe4 27. Be1 Qb6
28. Qe2 Bd3 29. Qd2 Rf1+ 30. Kg2 Qf6 31. Kh3 Bf5+ 32. Kg2 Be4+ 33. Kh3 Qh6+ 34.
Kg4 34... Bf5# {WhiteHorse checkmated} 0-1

[Event "ICS rated blitz match"]
[Site "207.99.83.229"]
[Date "1999.06.06"]
[Round "?"]
[White "WhiteHorse"]
[Black "Hossa"]
[Result "1/2-1/2"]
[WhiteElo "2470"]
[BlackElo "2717"]
[PlyCount "52"]

1. d4 Nc6 2. e3 Nf6 3. f4 d5 4. Bd3 e6 5. Nf3 Bd6 6. c3 O-O 7. O-O b6 8. Nbd2
Bb7 9. Ne5 Qe8 10. Rf3 Ne7 11. Rh3 Ng6 12. Qf3 Rc8 13. g4 c5 14. g5 Bxe5 15.
fxe5 Ne4 16. Qh5 Nxg5 17. Qxg5 h6 18. Qg2 cxd4 19. exd4 Nf4 20. Qf3 Nxh3+ 21.
Qxh3 f5 22. Nf3 Bc6 23. Kf2 Bb5 24. Bc2 Ba4 25. Bd3 Bb5 26. Bc2 26... Ba4 {
Game drawn by mutual agreement} 1/2-1/2

[Event "ICS rated blitz match"]
[Site "207.99.83.229"]
[Date "1999.06.06"]
[Round "?"]
[White "WhiteHorse"]
[Black "Hossa"]
[Result "0-1"]
[WhiteElo "2480"]
[BlackElo "2707"]
[PlyCount "40"]

1. d4 Nf6 2. e3 g6 3. Bd3 Bg7 4. c3 O-O 5. f4 d5 6. Nf3 c5 7. Nbd2 cxd4 8. Rb1
dxc3 9. bxc3 Ng4 10. Qe2 Qa5 11. O-O Qxa2 12. h3 Nf6 13. Bb2 Nbd7 14. Nd4 Nc5
15. N2f3 Nxd3 16. Qxd3 Ne4 17. Qc2 Ng3 18. Rfd1 Be6 19. Nd2 Bxd4 20. exd4 20...
Bf5 {WhiteHorse resigns} 0-1

[Event "ICS rated blitz match"]
[Site "207.99.83.229"]
[Date "1999.06.06"]
[Round "?"]
[White "WhiteHorse"]
[Black "Hossa"]
[Result "1/2-1/2"]
[WhiteElo "2473"]
[BlackElo "2714"]
[PlyCount "74"]

1. d4 Nf6 2. c3 g6 3. e3 Bg7 4. Bd3 Nc6 5. f4 d6 6. Nf3 Bg4 7. O-O O-O 8. Nbd2
d5 9. h3 Be6 10. Ne5 Qc8 11. Kh2 Bf5 12. Be2 Qe6 13. Bf3 Rab8 14. Qe2 Ne4 15.
g4 Nxd2 16. gxf5 Nxf1+ 17. Qxf1 gxf5 18. Bd2 Rbd8 19. Qf2 Nxe5 20. fxe5 Kh8 21.
Rg1 Qa6 22. a3 Qd3 23. Bd1 f6 24. e6 Qb1 25. Bh5 Qxb2 26. Rg2 c5 27. Qh4 Qxa3
28. Bg6 h6 29. Bxf5 Rg8 30. e4 Bf8 31. Bg6 Rxg6 32. Rxg6 Kh7 33. Rxh6+ Bxh6 34.
Qxh6+ Kg8 35. Qg6+ Kh8 36. Qh6+ Kg8 37. Qg6+ 37... Kh8 {
Game drawn by mutual agreement} 1/2-1/2

[Event "ICS rated blitz match"]
[Site "207.99.83.229"]
[Date "1999.06.06"]
[Round "?"]
[White "WhiteHorse"]
[Black "Hossa"]
[Result "1-0"]
[WhiteElo "2483"]
[BlackElo "2704"]
[PlyCount "73"]

1. d4 Nf6 2. c3 d5 3. e3 Nbd7 4. f4 e6 5. Bd3 Bd6 6. Nd2 c5 7. Ngf3 c4 8. Bc2
O-O 9. O-O Qe7 10. Ne5 Kh8 11. Rf3 b6 12. Rh3 Bb7 13. Bxh7 Bxe5 14. fxe5 Ng8
15. Nf3 Nh6 16. Bb1 Kg8 17. Qc2 f5 18. exf6 Nxf6 19. Qe2 Nf7 20. Bg6 Rad8 21.
Bd2 Nh8 22. Ne5 a5 23. Rf1 Qd6 24. Rxf6 Nxg6 25. Rxg6 Rf5 26. Rhg3 Qf8 27. h3
Re8 28. e4 Rxe5 29. dxe5 Re7 30. Bh6 Qc8 31. Rxg7+ Rxg7 32. Rxg7+ Kh8 33. Qh5
Qc5+ 34. Kh2 Bc6 35. Qg6 Qg1+ 36. Kxg1 d4 37. Qh7# {Hossa checkmated} 1-0

[Event "ICS rated bullet match"]
[Site "207.99.83.229"]
[Date "1999.06.06"]
[Round "?"]
[White "Justice"]
[Black "Hossa"]
[Result "0-1"]
[WhiteElo "2189"]
[BlackElo "2444"]
[PlyCount "110"]

1. e3 c5 2. Nf3 d5 3. Bb5+ Bd7 4. Qe2 Nc6 5. O-O a6 6. Bxc6 Bxc6 7. Ne5 Rc8 8.
f4 Nf6 9. b3 e6 10. Bb2 Be7 11. Nxc6 Rxc6 12. d3 O-O 13. Nd2 Qd7 14. Nf3 Rcc8
15. Ne5 Qd6 16. Qf2 Rcd8 17. Qg3 Rde8 18. Rf2 Qd8 19. Raf1 Qc7 20. h3 Qd6 21.
Qh2 Nd7 22. g4 Bh4 23. Rf3 Nb6 24. g5 Nd7 25. Nxd7 Qxd7 26. Qg2 f5 27. gxf6
Bxf6 28. Bxf6 Rxf6 29. Rg3 Ref8 30. Rff3 d4 31. e4 Rxf4 32. Rxf4 Rxf4 33. Rf3
Qf7 34. Rxf4 Qxf4 35. a4 a5 36. Kh1 e5 37. Kg1 Kf7 38. Kh1 g5 39. Kg1 h5 40.
Kh1 g4 41. hxg4 Qxg4 42. Qxg4 hxg4 43. Kg2 Kf6 44. Kf2 Kg5 45. Kg3 Kh5 46. Kg2
Kh4 47. Kh2 g3+ 48. Kg2 Kg4 49. Kg1 Kf3 50. Kf1 g2+ 51. Kg1 Kg3 52. b4 cxb4 53.
c3 dxc3 54. d4 c2 55. dxe5 55... c1=Q# {Justice checkmated} 0-1

[Event "ICS rated bullet match"]
[Site "207.99.83.229"]
[Date "1999.06.06"]
[Round "?"]
[White "FifthAvenue"]
[Black "Hossa"]
[Result "0-1"]
[WhiteElo "2440"]
[BlackElo "2450"]
[PlyCount "48"]

1. d3 e5 2. Nf3 Nc6 3. e3 Nf6 4. Be2 Be7 5. O-O O-O 6. c4 d5 7. Nbd2 e4 8. cxd5
exf3 9. Nxf3 Qxd5 10. d4 Bg4 11. b3 Rae8 12. Bb2 Bd6 13. Qe1 a5 14. h3 Bf5 15.
Qd1 Qe4 16. a3 Re7 17. Ne1 Qe6 18. Bf3 Be4 19. Be2 Bd5 20. b4 axb4 21. f3 Qxe3+
22. Kh1 Qf4 23. g3 Qxg3 24. Rf2 24... Qxf2 {FifthAvenue resigns} 0-1